Normal view
MARC view
Entry Personal Name
001 - CONTROL NUMBER
- control field: 73914
003 - CONTROL NUMBER IDENTIFIER
- control field: dpl
005 - DATE AND TIME OF LATEST TRANSACTION
- control field: 20241113121423.0
008 - FIXED-LENGTH DATA ELEMENTS
- fixed length control field: 241113|| aca||aabn | a|a d
040 ## - CATALOGING SOURCE
- Original cataloging agency: dpl
- Transcribing agency: dpl
100 ## - HEADING--PERSONAL NAME
- Personal name: Macleod, Carrie Edgerly
670 ## - SOURCE DATA FOUND
- Source citation: Work cat.: (dpl)206973: Perrin, Kathleen Ouimet 73913, Understanding the Essentials of Critical Care Nursing, 2025
